|
|
|
|
| LEADER |
01549nam a2200409 i 4500 |
| 001 |
EBC1477520 |
| 003 |
MiAaPQ |
| 005 |
20200520144314.0 |
| 006 |
m o d | |
| 007 |
cr cnu|||||||| |
| 008 |
131107s2013 enkad ob 000 0 eng|d |
| 020 |
|
|
|z 1443850292
|
| 020 |
|
|
|z 9781443850292
|
| 020 |
|
|
|a 9781443852692
|q (electronic bk.)
|
| 035 |
|
|
|a (MiAaPQ)EBC1477520
|
| 035 |
|
|
|a (Au-PeEL)EBL1477520
|
| 035 |
|
|
|a (CaPaEBR)ebr10778101
|
| 035 |
|
|
|a (CaONFJC)MIL528681
|
| 035 |
|
|
|a (OCoLC)859834781
|
| 040 |
|
|
|a MiAaPQ
|b eng
|e rda
|e pn
|c MiAaPQ
|d MiAaPQ
|
| 050 |
|
4 |
|a HF1008
|b .B87 2013
|
| 082 |
0 |
|
|a 247
|
| 245 |
0 |
0 |
|a Business review :
|b advanced applications /
|c edited by Anton Ravindran and Farid Shirazi.
|
| 264 |
|
1 |
|a Newcastle upon Tyne, UK :
|b Cambridge Scholars Publishing,
|c 2013.
|
| 300 |
|
|
|a 1 online resource (247 pages) :
|b illustrations
|
| 336 |
|
|
|a text
|2 rdacontent
|
| 337 |
|
|
|a computer
|2 rdamedia
|
| 338 |
|
|
|a online resource
|2 rdacarrier
|
| 504 |
|
|
|a Includes bibliographical references.
|
| 588 |
|
|
|a Description based on online resource; title from PDF title page (ebrary, viewed November 7, 2013).
|
| 590 |
|
|
|a Electronic reproduction. Ann Arbor, MI : ProQuest, 2015. Available via World Wide Web. Access may be limited to ProQuest affiliated libraries.
|
| 650 |
|
0 |
|a Business.
|
| 655 |
|
4 |
|a Electronic books.
|
| 700 |
1 |
|
|a Ravindran, Anton.
|
| 700 |
1 |
|
|a Shirazi, Farid.
|
| 797 |
2 |
|
|a ProQuest (Firm)
|
| 856 |
4 |
0 |
|u https://ebookcentral.proquest.com/lib/matrademy/detail.action?docID=1477520
|z Click to View
|